00486nmm a2200145Ia 4500008004100000020001500041041000800056100002000064245007500084264006900159300001800228490002200246650002200268856005000290251105s9999||||xx |||||||||||||||||und|| a8477331359 aspa aKaye, Harvey J. 0aLos Historiadores marxistas británicos : un análisis introductorio a[Madrid, España] :bPrensas Universitarias de Zaragoza, c1989 a240 páginas aCiencias sociales aHistory of Europe uhttps://public.digitaliapublishing.com/a/2127